ओंजळभर पाणी / (Record no. 55184)

MARC details
000 -LEADER
fixed length control field 01105nam a22002537a 4500
005 - DATE AND TIME OF LATEST TRANSACTION
control field 20110810094115.0
008 - FIXED-LENGTH DATA ELEMENTS--GENERAL INFORMATION
fixed length control field 110810t xxu||||| |||| 00| 0 mar d
010 ## - LCCN (DPL NO)
LC control number MAR-21216
020 ## - INTERNATIONAL STANDARD BOOK NUMBER
International Standard Book Number 8172652844
Terms of availability 80.00
035 ## - SYSTEM CONTROL NUMBER
System control number MR-13874
037 ## - SOURCE OF ACQUISITION
Source of stock number/acquisition DBAD/PUB
040 ## - CATALOGING SOURCE
Original cataloging agency DPL
Language of cataloging MR
082 ## - DEWEY DECIMAL CLASSIFICATION NUMBER
Classification number 891.461
100 ## - MAIN ENTRY--PERSONAL NAME
9 (RLIN) 32250
Personal name पवार,किसन
245 ## - TITLE STATEMENT
Title ओंजळभर पाणी /
Statement of responsibility, etc किसन पवार
246 ## - VARYING FORM OF TITLE
Title proper/short title Onjalbhar Pani
Remainder of title by Kisan Pawar
260 ## - PUBLICATION, DISTRIBUTION, ETC. (IMPRINT)
Place of publication, distribution, etc पुणे
Name of publisher, distributor, etc स्नेहवर्धन प्रकाशन
Date of publication, distribution, etc 2008
270 ## - ADDRESS
Address 863,सदाशिव पेठ,महात्मा फुले सभागृहमागे,
City पुणे
Postal code 411030
300 1# - PHYSICAL DESCRIPTION
Extent 87पृ.
Dimensions 22सेमी(अजिल्द)
650 ## - SUBJECT ADDED ENTRY--TOPICAL TERM
9 (RLIN) 32260
Topical term or geographic name as entry element मराठी कवितासंग्रह
650 ## - SUBJECT ADDED ENTRY--TOPICAL TERM
Topical term or geographic name as entry element Marathi Poetry
9 (RLIN) 32291
942 ## - ADDED ENTRY ELEMENTS (KOHA)
Source of classification or shelving scheme Dewey Decimal Classification
Item type Marathi Books
Classification part 891.461
Call number suffix पवार
Holdings
Withdrawn status Lost status Source of classification or shelving scheme Damaged status Not for loan Collection code Home library Current library Date acquired Source of acquisition Cost, normal purchase price Total Checkouts Full call number Barcode Date last seen Copy number Cost, replacement price Koha item type
    Dewey Decimal Classification   Not For Loan Non-fiction D.B.Act.Division D.B.Act.Division 10/08/2011 DBAD / PUB 80.00   891.461 पवार MR-13874 10/08/2011 1 80.00 Marathi Books

© Delhi Public Library
Hit Counter
free hit counter